000
00238nam a22001097a 4500
999
_c
58054
_d
58051
082
_a
621.902KIB
100
_a
Kibbi R R
245
_a
Machine tool practices
260
_a
New Delhi
_b
Pearson Education
_c
2015
300
_a
800
942
_c
BK